مكتبة جامعة عجلون الوطنية

فهرس بحث المكتبة

اثر خصائص التدقيق الخارجي على العلاقة بين جودة التقارير المالية والأداء المالي لشركات التأمين المدرجة في بورصة عمان = The Impact of External Auditing Characteristics on the Relationship between Financial Reporting Quality and Financial performance of Insurance Companies listed on the Amman Stock Exchange (Record no. 33893)

MARC details
000 -LEADER
fixed length control field 01221nam a22001937a 4500
003 - CONTROL NUMBER IDENTIFIER
control field JO-AjAnu
005 - DATE AND TIME OF LATEST TRANSACTION
control field 20250315093438.0
008 - FIXED-LENGTH DATA ELEMENTS--GENERAL INFORMATION
fixed length control field 250311b jo ||||| |||| 00| 0 ara d
040 ## - CATALOGING SOURCE
Transcribing agency JO-AjAnu
041 ## - LANGUAGE CODE
Language code of original ara
100 ## - MAIN ENTRY--PERSONAL NAME
Personal name شواقفة، أحمد دواس فارع
Relator term معد
9 (RLIN) 66504
245 ## - TITLE STATEMENT
Title اثر خصائص التدقيق الخارجي على العلاقة بين جودة التقارير المالية والأداء المالي لشركات التأمين المدرجة في بورصة عمان = The Impact of External Auditing Characteristics on the Relationship between Financial Reporting Quality and Financial performance of Insurance Companies listed on the Amman Stock Exchange
Statement of responsibility, etc. / اعداد احمد دواس فارع شواقفة ؛ اشراف احمد ابراهيم كراجه
260 ## - PUBLICATION, DISTRIBUTION, ETC.
Date of publication, distribution, etc. 2025
300 ## - PHYSICAL DESCRIPTION
Extent 92 ورقة
500 ## - GENERAL NOTE
General note رسالة جامعية (رسالة ماجستير في المحاسبة)، جامعة عجبون الوطنية (الاردن - عجلون) / كلية الأعمال ، قسم المحاسبة ، 2025
650 ## - SUBJECT ADDED ENTRY--TOPICAL TERM
Form subdivision شركات التأمين-محاسبة
700 ## - ADDED ENTRY--PERSONAL NAME
Personal name كراجه، احمد ابراهيم
9 (RLIN) 64987
Relator term مشرف
942 ## - ADDED ENTRY ELEMENTS (KOHA)
Source of classification or shelving scheme Library of Congress Classification
Koha item type Thesis
Suppress in OPAC No
Holdings
Withdrawn status Lost status Source of classification or shelving scheme Damaged status Not for loan Home library Current library Date acquired Total Checkouts Full call number Barcode Date last seen Price effective from Koha item type
    Library of Congress Classification     مكتبة جامعة عجلون الوطنية مكتبة جامعة عجلون الوطنية 11/03/2025   HF5686.2025 A30155 11/03/2025 11/03/2025 Thesis
    Library of Congress Classification     مكتبة جامعة عجلون الوطنية مكتبة جامعة عجلون الوطنية 11/03/2025   HF5686.2025 A30154 11/03/2025 11/03/2025 Thesis